| 000 | 00377nam a2200145Ia 4500 | ||
|---|---|---|---|
| 008 | 210210b2000 xxu||||| |||| 00| 0 eng d | ||
| 082 | _a294.361K PAVT | ||
| 100 | _aPAVURU RAMACHANDRA AMMANNAYA. | ||
| 245 | _aTulunadinalli madhvaparyatane. | ||
| 260 |
_aUdupi _bKradeva Prakashana _c2000 |
||
| 300 | _a100 | ||
| 650 | _aMadhvacharya | ||
| 690 | _aHinduism | ||
| 906 | _a056895 | ||
| 999 |
_c104277 _d104277 |
||